Statistiken für Nationalhymnen zuordnen (weltweit)

Klicken Sie hier um das Quiz zu spielen!

Allgemein

  • Dieses Quiz wurde 11 mal gespielt
  • Das Durchschnittsergebnis liegt bei 61 aus 196

Antworten auf der Karte

Die Antworten werden auf der Karte rot bzw. grün angezeigt, abhängig davon wie oft sie richtig erraten wurden.
 

Antwortstatistiken

Antwort% Korrekt
Brasilianische Nationalhymne
90%
Argentinische Nationalhymne
80%
Das Lied der Italiener
80%
Die Hymne Maltas
80%
Großes Indonesien
80%
Lied der Deutschen
80%
Mexikanische Nationalyhmne
80%
Mutter Sri Lanka
80%
Nationalhymne von Südafrika
80%
Noch sind der Ukraine Ruhm und Freiheit nicht gestorben
80%
Oh Kanada
80%
Österreichische Bundeshymne
80%
Portugallied
80%
Wir Belarussen
80%
Bolivianer, das günstige Schicksal
70%
Eritrea, Eritrea, Eritrea
70%
Erwache, Rumäne
70%
Gott beschütze Neuseeland
70%
Gott segne Lettland
70%
Gott segne Malawi
70%
Hymne der Russischen Förderation
70%
Namibia, Land der Mutigen
70%
Nationalhmyne der Islamischen Republik Iran
70%
Nationalhymne der Republik Kolumbien
70%
Nationalhymne Jemens
70%
Nationalhymne Malis
70%
Nationalhymne Mauretaniens
70%
Nationalhymne Omans
70%
Nationalhymne von Honduras
70%
O Herr uns Gott, der Du die Segnungen an die Swasi verteilst
70%
Oh Uganda, Land der Schönheit
70%
Paraguayer, Republik oder Tod
70%
Saudische Nationalhymne
70%
Schreite voran, schönes, glückliches Australien
70%
Schweizerpsalm
70%
Sei gegrüßt, Nicaragua
70%
Tschadlied
70%
Das sternenbesetzte Banner
60%
Die Staatshymne des unabhängigen und neutralen Turkmenistans
60%
Dschibuti
60%
Für Gambia, unser Heimatland
60%
Geliebtes Burundi
60%
Geliebtes Land Guyana, der Flüsse und Ebenen
60%
Gesegnet sei das Land Simbabwe
60%
Glückliches Guatemala
60%
Gott schütze den König
60%
Gott segne unser Heimatland Ghana
60%
Heil dir, Liberia, heil!
60%
Heute über Mazedonien
60%
Hymne des Volkes von Laos
60%
Jamaika, das Land, das wir lieben
60%
Kongolied
60%
Lestoho, das Land unserer Väter
60%
Libyen, Libyen, Libyen
60%
Marschiere voran, liebe Mutter Äthiopien
60%
Marsch von Aserbaidschan
60%
Marseillelied
60%
Mein Kasachstan
60%
Mongolische Nationalhymne
60%
Ode an die Freiheit (cy)
60%
Ode an die Freiheit (gr)
60%
Steht auf, Kiribatier
60%
Steht und singt von Sambia, stolz und frei
60%
Unser Ruanda
60%
Uruguayer, Vaterland oder Tod!
60%
Vorwärts Angola
60%
Für immer Marshallinseln
50%
Gott schütze Fidschi
50%
Gott schütze unsere Salomonen
50%
Gott sei mit unserem Suriname
50%
Marschiere voran, Bahama
50%
Mein goldenes Bengalen
50%
Nauru, unser Heimatland
50%
Patrioten von Mikronesien
50%
Südsudan hurra!
50%
Vereinigt euch, Seycheller
50%
Dabrowski-Mazurka
40%
Lied des Königs der Tonga-Inseln
40%
Tuvalu dem Allmächtigen
40%
Unser Palau
40%
Wilhelmlied
40%
Brabantlied
30%
Es lebe der Emir
30%
Gott segne den Sultan
30%
Schönes Antigua, wir grüßen dich
30%
Unser Bahrain
30%
Bis zum Ende der Welt
20%
Bleib' stark, mein freis Land, Glück und Rettung dir
20%
Das Soldatenlied
20%
Der große Karl der Große
20%
Die Hoffnung
20%
die Scherifische Hymne
20%
Drei Prinzipien des Volkes
20%
Erhebt euch, Söhne dieses Landes
20%
Europa
20%
Freiheit / Liberté
20%
Heil Grenada
20%
Hohe Berge und Täler
20%
Hunderte von Blumen
20%
Hymne des Isthmus
20%
Intermezzo
20%
Ja. wir lieben dieses Land
20%
Königlicher Marsch
20%
Lied von Abidjan
20%
Marsch der Freiwilligen
20%
Nationalhymne / An-Naschid al-Watani
20%
Nationalhymne / Milli Tharana
20%
Nationalhymne / Phleng Chat
20%
Oben am jungen Rhein
20%
Oh, du helle Morgenröte im Mai
20%
Söhne und Töchter von St. Lucia
20%
Stehe auf, Kongolese
20%
St. Vincent, ein so schönes Land
20%
Unabhänigkeitsmarsch
20%
Versammlungslied
20%
Vorwärts Singapur!
20%
Wir sind frei, lasst uns so für immer bleiben
20%
Zupft eure Koras, trommelt die Balafone
20%
Absolute Unabhängigkeit
10%
Es blitzt über der Tatra
10%
Es gibt ein liebliches Land
10%
Freiheit / Tawisupleba
10%
Herrschaft seiner Majestät
10%
Hymne
10%
Hymne an die Flagge
10%
Hymne an die Vaterlandsliebe
10%
Hymne und Pontifikalmarsch
10%
Lobgesang
10%
Mein Heimatland, mein Heimatland, mein Heimatland
10%
Monegassische Hymne
10%
Nationalhymne / Druk tsenden
10%
Nationalhymne / Qaumi Tarana
10%
Prost
10%
Auserwähltes Land
0%
Bayamolied
0%
Das Banner der Freiheit
0%
Das Nationallied
0%
Der Anbruch eines neuen Tages
0%
Die Ehre des Vaterlandes
0%
Die Einheit der großen Inseln
0%
Die Eintracht
0%
Die Flagge einer jeden Nation tägt ihre eigene Farbe
0%
Dies ist unser geliebtes Land
0%
Die Wiedergeburt
0%
Ditanyè
0%
Du alter, du freier
0%
Edles Vaterland, deine schöne Flagge
0%
Erhebt euch, Landsleute
0%
Gegrüßt seist du, Land unserer Vorväter
0%
Geliebtes Vaterland
0%
Geschmiedet aus der Liebe zur Freiheit
0%
Gesegnet sei dies edle Land
0%
Gott der Gerechtigkeit
0%
Gott segne Afrika
0%
Herrscher über den Geist des Volkes
0%
Hoch verehren wir dich, Land der Freien
0%
Hüter der Heimat
0%
In guten wie in schlechten Zeiten
0%
Insel der Schönheit, Insel der Pracht
0%
Königreich
0%
Land der Freien
0%
Land lebe mein Land
0%
Lang lebe der König
0%
Lasst uns den Weg unserer großen Freude gehen
0%
Lasst uns stolz auf unsere Heimat sein
0%
Liebe Heimat
0%
Lied der Freien
0%
Lied der Freiheit
0%
Lied der Liebe für das Land
0%
Lied von Dessailines
0%
Marschiert an die Front
0%
Meine Heimat
0%
Mein Heimatland, mein Glück und meine Freude
0%
Mein Land
0%
Mutterland
0%
Nationaler Gruß
0%
Nationalhymne der Republik
0%
Nationalhymne / Surudi Milli
0%
Oh Gott allen Ursprungs
0%
Oh Land der Schönheit
0%
Oh, unser geliebtes Vaterland
0%
Ruhm dem tapferen Volke
0%
Tapfere Söhne von Quisqueya
0%
Unsere Heimat
0%
Unsere Sprache
0%
Unser Land
0%
Unser schönes Heimatland
0%
Unser Vaterland
0%
Vaterland
0%
Verteidiger des Vaterlandes
0%
Wir alle! Für das Vaterland, den Ruhm und die Flagge!
0%
Wir geloben
0%
Wir grüßen unsere Heimat
0%
Wir sind die Soldaten Gottes und der Heimat
0%
Wir, wir, wir
0%
Wo ist mein Heimatland?
0%

Verteilung der Resultate

Perzentil nach korrekt beantworteten Fragen

Anzahl Personen mit jedem Resultat

Ihre Resultats-Entwicklung

Sie haben dieses Quiz noch nicht gespielt